Puchar Świata - klasyfikacja generalna za sezon 2014/15 - Statystyki

Ogólne statystyki
  • Ten quiz został rozwiązany 113 razy
  • Średni wynik to 64 z 87
Statystyki odpowiedzi
Miejsce Skoczek Narodowość Pkt % Poprawnych
59. Cene Prevc Słowenia 27
99%
Peter Prevc Słowenia 1729
99%
9. Kamil Stoch Polska 820
97%
1. Severin Freund Niemcy 1729
97%
3. Stefan Kraft Austria 1578
97%
19. Piotr Żyła Polska 474
96%
7. Roman Koudelka Czechy 1113
96%
6. Noriaki Kasai Japonia 1137
95%
11. Simon Ammann Szwajcaria 646
95%
16. Daiki Ito Japonia 513
94%
Dawid Kubacki Polska 35
94%
65. Maciej Kot Polska 17
92%
45. Daniel-Andre Tande Norwegia 81
91%
23. Johann Andre Forfang Norwegia 325
91%
5. Michael Hayboeck Austria 1157
91%
10. Gregor Schlierenzauer Austria 739
90%
13. Jurij Tepes Słowenia 554
90%
Kenshiro Ito Japonia 2
90%
42. Klemens Murańka Polska 105
90%
4. Anders Fannemel Norwegia 1161
88%
Stefan Hula Polska 4
88%
27. Gregor Deschwanden Szwajcaria 189
87%
12. Richard Freitag Niemcy 622
87%
48. Aleksander Zniszczoł Polska 75
85%
15. Markus Eisenbichler Niemcy 527
85%
75. Robert Johansson Norwegia 5
83%
20. Taku Takeuchi Japonia 363
83%
50. Jan Ziobro Polska 55
82%
14. Jernej Damjan Słowenia 535
82%
Karl Geiger Niemcy 5
82%
33. Manuel Fettner Austria 146
82%
28. Vincent Descombes Sevoie Francja 179
82%
18. Anders Bardal Norwegia 477
81%
Denis Kornilov Rosja 6
81%
26. Robert Kranjec Słowenia 201
81%
8. Rune Velta Norwegia 848
81%
40. Jan Matura Czechy 114
78%
58. Janne Ahonen Finlandia 29
78%
35. Andreas Wellinger Niemcy 137
77%
17. Anders Jacobsen Norwegia 511
76%
56. Jakub Janda Czechy 34
76%
44. Junshiro Kobayashi Japonia 95
76%
Lukas Hlava Czechy 4
76%
21. Michael Neumayer Niemcy 347
76%
29. Andreas Kofler Austria 173
74%
51. Andreas Wank Niemcy 54
74%
34. Dimitriy Vassiliev Rosja 145
74%
Vladimir Zografski Bułgaria 11
74%
41. Kenneth Gangnes Norwegia 112
73%
62. Anze Lanisek Słowenia 23
72%
Seou Choi Korea Południowa 2
72%
39. Tom Hilde Norwegia 118
72%
36. Andreas Stjernen Norwegia 134
71%
52. Davide Bresadola Włochy 48
71%
66. Killian Peier Szwajcaria 16
69%
30. Lauri Asikainen Finlandia 157
69%
22. Marinus Kraus Niemcy 327
69%
46. Shohei Tochimoto Japonia 79
69%
53. Ville Larinto Finlandia 35
69%
61. Antonin Hajek Czechy 24
68%
85. Harri Olli Finlandia 1
68%
38. Stephan Leyhe Niemcy 120
68%
24. Nejc Dezman Słowenia 224
64%
Anze Semenic Słowenia 35
63%
43. Thomas Diethart Austria 99
63%
49. Kento Sakuyama Japonia 62
62%
64. Anssi Koivuranta Finlandia 18
60%
82. Pius Paschke Niemcy 2
60%
69. Ronan Lamy Chappuis Francja 13
59%
73. Tomaz Naglic Słowenia 6
58%
32. Jarkko Maatta Finlandia 151
56%
37. Manuel Poppinger Austria 128
56%
60. Mikhail Maksimochkin Rosja 26
56%
25. Matjaz Pungertar Słowenia 205
55%
72. Wolfgang Loitzl Austria 8
55%
31. Philipp Sjoen Norwegia 155
53%
Rok Justin Słowenia 5
51%
57. Ilmir Hazetdinov Rosja 32
50%
67. Joachim Hauer Norwegia 15
49%
Nicolas Alexander Stany Zjednoczone 4
46%
78. Ole Marius Ingvaldsen Norwegia 4
46%
Alexey Romashov Rosja 1
45%
47. Vladislav Boyarintsev Rosja 77
45%
63. Sami Niemi Finlandia 19
44%
67. Ulrich Wohlgenannt Austria 15
44%
Simon Greiderer Austria 1
38%
70. Daniel Wenig Niemcy 11
35%
Nie znaleziono quizów pasujących do podanych kryteriów
Rozkład punktacji
Procent ludzi z każdym wynikiem
Percentyl według liczby udzielonych odpowiedzi
Twoja historia wyników
Nie rozwiązałeś tego quizu